Central Library OPAC University of Rajshahi

Guideline for Writing Learning Objectives in Librarianship, Information Science and Archives Administration / (Record no. 40738)

MARC details
000 -LEADER
fixed length control field 00756nam a2200217 a 4500
001 - CONTROL NUMBER
control field 40738
003 - CONTROL NUMBER IDENTIFIER
rucl marc code BD-RjUL
005 - DATE AND TIME OF LATEST TRANSACTION
control field 20211209053255.0
008 - FIXED-LENGTH DATA ELEMENTS--GENERAL INFORMATION
fixed length control field 160509s1988 fr a|||| |||| 00| 0 eng d
035 ## - SYSTEM CONTROL NUMBER
System control number (BD-RjUL)40853
040 ## - CATALOGING SOURCE
Original cataloging agency BD-RjUL
Language of cataloging eng
Transcribing agency BD-RjUL
041 ## - LANGUAGE CODE
Language code of text/sound track or separate title eng
082 ## - DEWEY DECIMAL CLASSIFICATION NUMBER
Edition number 23
Classification number 025.1
Author mark and year FOG 1988
100 ## - MAIN ENTRY--PERSONAL NAME
Personal name Fontaine, France
9 (RLIN) 125350
245 1o - TITLE STATEMENT
Title Guideline for Writing Learning Objectives in Librarianship, Information Science and Archives Administration /
Statement of responsibility, etc. France Fontaine and Paulette Bernhard
260 ## - PUBLICATION, DISTRIBUTION, ETC. (IMPRINT)
Place of publication, distribution, etc. Paris :
Name of publisher, distributor, etc. Scientific and Cultural Organization,
Date of publication, distribution, etc. 1988
300 ## - PHYSICAL DESCRIPTION
Pagination 111 p. :
Illustrations ill ;
Size 30 cm.
650 ## - SUBJECT ADDED ENTRY--TOPICAL TERM
Topical term or geographic name as entry element Information Services
General subdivision Administration
9 (RLIN) 125351
700 ## - ADDED ENTRY--PERSONAL NAME
Personal name Bernhard, Paulette
942 ## - ADDED ENTRY ELEMENTS (KOHA)
Source of classification or shelving scheme Dewey Decimal Classification
Koha item type Books
Holdings
Lost status Source of classification or shelving scheme Damaged status Not for loan Collection code Permanent Location Current Location Shelving location Date acquired Source of acquisition Total Checkouts Full call number Date last seen Copy number Koha item type
  Dewey Decimal Classification     Non-fiction Central Library, University of Rajshahi Central Library, University of Rajshahi   15/01/2009 RUCL   025.1 FOG 1988 09/05/2016 C-2 Books